[Event "SVK-chT3A2 1516"]
[Site "Slovakia"]
[Date "2016.01.31"]
[Round "7.6"]
[White "Mackovic, Matus"]
[Black "Harastova, Viera"]
[Result "1-0"]
[WhiteElo "1979"]
[BlackElo "1895"]
[PlyCount "55"]
[EventDate "2015.10.11"]
[EventType "team-tourn"]
[EventRounds "11"]
[EventCountry "SVK"]
[SourceTitle "EXT 2020"]
[Source "ChessBase"]
[SourceDate "2019.10.17"]
[SourceVersion "1"]
[SourceVersionDate "2019.10.17"]
[SourceQuality "1"]
[WhiteTeam "Modranka Komplet"]
[BlackTeam "Skalica II"]
[WhiteTeamCountry "SVK"]
[BlackTeamCountry "SVK"]

1. e4 e5 2. Nf3 Nc6 3. Bb5 a6 4. Ba4 Nf6 5. 0-0 d6 6. Re1 Be7 7. c3 0-0 8. h3 b5 9. Bb3 Na5 10. Bc2 Nc6 11. d4 Bb7 12. Nbd2 Re8 13. Nf1 h6 14. Ng3 Bc8 15. a4 Bd7 16. Bd3 exd4 17. axb5 axb5 18. Rxa8 Qxa8 19. cxd4 Qb8 20. Bb1 Nh7 21. e5 dxe5 22. d5 Nd8 23. Nxe5 Nf6 24. Nxd7 Nxd7 25. Nf5 Kf8 26. Nxg7 Kxg7 27. Qg4+ Kh8 28. Qxd7 1-0

[Event "SVK-chT4 A22 1516"]
[Site "Slovakia"]
[Date "2016.01.10"]
[Round "6.1"]
[White "Mackovic, Matus"]
[Black "Vegh, Vince"]
[Result "1/2-1/2"]
[WhiteElo "1967"]
[BlackElo "1935"]
[PlyCount "59"]
[EventDate "2015.10.04"]
[EventType "team-tourn"]
[EventRounds "11"]
[EventCountry "SVK"]
[SourceTitle "EXT 2020"]
[Source "ChessBase"]
[SourceDate "2019.10.17"]
[SourceVersion "1"]
[SourceVersionDate "2019.10.17"]
[SourceQuality "1"]

1. e4 c5 2. c3 g6 3. d4 cxd4 4. cxd4 Bg7 5. Nc3 d6 6. Be3 Nc6 7. Rc1 a6 8. Nf3 e6 9. Be2 Nf6 10. h3 0-0 11. 0-0 Re8 12. Qd2 Qd7 13. Na4 Rb8 14. Nb6 Qe7 15. Bd3 Bd7 16. b4 Qd8 17. Nxd7 Qxd7 18. a4 b5 19. axb5 axb5 20. Rc2 Rec8 21. Rfc1 Qb7 22. Bf4 Ne8 23. Be2 Na7 24. Rxc8 Rxc8 25. Rxc8 Qxc8 26. Qd3 Qc6 27. Nd2 Nc7 28. Nb1 d5 29. e5 Bf8 30. Bd2 1/2-1/2

[Event "SVK-chT2A 1516"]
[Site "Slovakia"]
[Date "2015.12.06"]
[Round "6.6"]
[White "Diviak, Rastislav"]
[Black "Mackovic, Matus"]
[Result "1-0"]
[WhiteElo "1942"]
[BlackElo "1970"]
[PlyCount "89"]
[EventDate "2015.10.17"]
[EventType "team-tourn"]
[EventRounds "11"]
[EventCountry "SVK"]
[SourceTitle "CBM 169 Extra"]
[Source "ChessBase"]
[SourceDate "2015.12.18"]
[SourceVersion "1"]
[SourceVersionDate "2015.12.18"]
[SourceQuality "1"]
[WhiteTeam "Osuske II"]
[BlackTeam "Trnava Modranka"]
[WhiteTeamCountry "SVK"]
[BlackTeamCountry "SVK"]

1. e4 c6 2. d4 d5 3. Nc3 dxe4 4. Nxe4 Bf5 5. Ng3 Bg6 6. h4 h6 7. Nf3 Nd7 8. h5 Bh7 9. Bd3 Bxd3 10. Qxd3 Qc7 11. Bd2 Ngf6 12. 0-0-0 e6 13. Ne4 Nxe4 14. Qxe4 Nf6 15. Qe2 Bd6 16. g3 0-0 17. c4 c5 18. Bc3 cxd4 19. Nxd4 a6 20. Nxe6 fxe6 21. Qxe6+ Kh8 22. Qxd6 Qxd6 23. Rxd6 Ne4 24. Rxh6+ Kg8 25. Rg6 Nxc3 26. bxc3 Rxf2 27. h6 Kh7 28. Rxg7+ Kh8 29. Rd1 Rh2 30. Rxb7 Rxh6 31. Rbd7 Rg6 32. Rd8+ Rxd8 33. Rxd8+ Kg7 34. Rd7+ Kf8 35. Kc2 Rxg3 36. Kb3 Ke8 37. Rd5 Rg2 38. c5 Rg6 39. Rd6 Rxd6 40. cxd6 Kd7 41. Kb4 Kxd6 42. Ka5 Kc5 43. Kxa6 Kc6 44. a4 Kc7 45. Kb5 1-0

[Event "SVK-chT U20"]
[Site "Stara Lubovna"]
[Date "2015.05.02"]
[Round "3.3"]
[White "Mackovic, Matus"]
[Black "Popovic, Martin"]
[Result "1-0"]
[WhiteElo "2040"]
[BlackElo "1517"]
[PlyCount "59"]
[EventDate "2015.05.01"]
[EventType "team-tourn"]
[EventRounds "5"]
[EventCountry "SVK"]
[SourceTitle "EXT 2016"]
[Source "ChessBase"]
[SourceDate "2015.10.08"]
[SourceVersion "1"]
[SourceVersionDate "2015.10.08"]
[SourceQuality "1"]
[WhiteTeam "Trnava Modranka"]
[BlackTeam "Kosice Slavia"]
[WhiteTeamCountry "SVK"]
[BlackTeamCountry "SVK"]

1. e4 c5 2. c3 Nc6 3. d4 cxd4 4. cxd4 d6 5. Nc3 Nf6 6. Nf3 e6 7. Bf4 Be7 8. Rc1 a6 9. d5 exd5 10. exd5 Nb8 11. Qa4+ Bd7 12. Qa3 0-0 13. Bxd6 Re8 14. Be2 Bxd6 15. Qxd6 Ne4 16. Qf4 Nxc3 17. bxc3 Qe7 18. Nd4 Qa3 19. Qd2 Bg4 20. 0-0 Bxe2 21. Nxe2 Nd7 22. c4 Qc5 23. Nd4 Ne5 24. Nb3 Qc7 25. c5 Rad8 26. Rfd1 Qd7 27. Qf4 Ng6 28. Qb4 h6 29. Na5 Rb8 30. Rb1 1-0

[Event "SVK-chT3A2 1415"]
[Site "Slovakia"]
[Date "2015.01.25"]
[Round "7.5"]
[White "Mackovic, Matus"]
[Black "Merva, Frantisek"]
[Result "1-0"]
[WhiteElo "1949"]
[BlackElo "2045"]
[PlyCount "151"]
[EventDate "2014.10.19"]
[EventType "team-tourn"]
[EventRounds "11"]
[EventCountry "SVK"]
[SourceTitle "EXT 2019"]
[Source "ChessBase"]
[SourceDate "2018.10.10"]
[SourceVersion "1"]
[SourceVersionDate "2018.10.10"]
[SourceQuality "1"]

1. e4 e5 2. Nf3 Nc6 3. Bb5 Nge7 4. c3 d6 5. d4 Bd7 6. 0-0 Ng6 7. Re1 Be7 8. Nbd2 0-0 9. Nf1 Kh8 10. Ng3 Bf6 11. d5 Nce7 12. Bxd7 Qxd7 13. c4 Bh4 14. Nxh4 Nxh4 15. Bg5 Nhg6 16. Bxe7 Nxe7 17. Qc2 f5 18. Nxf5 Nxf5 19. exf5 Rxf5 20. f3 Raf8 21. Re4 b6 22. Rae1 a5 23. b3 Qf7 24. h3 Rc8 25. Qd3 Kg8 26. a4 Rf8 27. Qd2 h6 28. Rg4 Qf6 29. Qf2 Kf7 30. Qh4 Qxh4 31. Rxh4 Ke7 32. Rhe4 Kd7 33. Kf2 c6 34. Rd1 cxd5 35. Rxd5 Rc8 36. g4 Rf6 37. Rexe5 Rcf8 38. Re3 R8f7 39. Red3 Kc6 40. h4 Kc7 41. Kg3 g6 42. R5d4 g5 43. hxg5 hxg5 44. Rd5 Rg6 45. Rf5 Rfg7 46. Rdd5 Kc6 47. f4 gxf4+ 48. Rxf4 Re7 49. g5 Re1 50. Rf3 Rg1+ 51. Kf4 Rg8 52. Rg3 Rf1+ 53. Kg4 Rh1 54. Rdd3 Kc5 55. Kf5 Rf1+ 56. Rdf3 Rf8+ 57. Kg4 R1xf3 58. Rxf3 Rg8 59. Rf5+ Kc6 60. Kh5 Kd7 61. Kh6 Ke6 62. Rf3 Rh8+ 63. Kg7 Rh1 64. g6 Rg1 65. Kh7 Ke7 66. g7 Rh1+ 67. Kg8 Re1 68. Rf7+ Ke8 69. Rf6 Ke7 70. Rf5 Re2 71. Kh7 Rh2+ 72. Kg6 Rg2+ 73. Rg5 Rxg5+ 74. Kxg5 Kf7 75. Kh6 Kg8 76. Kg6 1-0

[Event "SVK-chT4A21 1415"]
[Site "Slovakia"]
[Date "2014.10.26"]
[Round "2.2"]
[White "Palka, Miroslav"]
[Black "Mackovic, Matus"]
[Result "1/2-1/2"]
[WhiteElo "1912"]
[BlackElo "1949"]
[PlyCount "75"]
[EventDate "2014.10.12"]
[EventType "team-tourn"]
[EventRounds "11"]
[EventCountry "SVK"]
[SourceTitle "EXT 2022"]
[Source "ChessBase"]
[SourceDate "2021.10.06"]
[SourceVersion "1"]
[SourceVersionDate "2021.10.06"]
[SourceQuality "1"]
[WhiteTeam "Senica Dragon II"]
[BlackTeam "Modranka Komplet Juniors"]
[WhiteTeamCountry "SVK"]
[BlackTeamCountry "SVK"]

1. c4 Nf6 2. Nc3 g6 3. e4 d6 4. d4 Bg7 5. f3 0-0 6. Be3 e5 7. d5 Ne8 8. Qd2 f5 9. Bg5 Nf6 10. h4 fxe4 11. fxe4 Bg4 12. Be2 Qd7 13. 0-0-0 Na6 14. Bxf6 Bxf6 15. Bxg4 Qxg4 16. Nf3 Qf4 17. Qxf4 exf4 18. Ne2 Nc5 19. Nxf4 Bxb2+ 20. Kxb2 Rxf4 21. Rhe1 Rxe4 22. Rxe4 Nxe4 23. Re1 Re8 24. Ng5 Nf6 25. Ne6 c6 26. Rf1 Ng4 27. Rf3 Ne5 28. Rc3 Re7 29. Kb3 c5 30. Rc2 Nf7 31. Rf2 a6 32. a4 b6 33. Kc3 Rb7 34. Rb2 Ne5 35. Rf2 Nd7 36. Rb2 Nf8 37. Nd8 Rb8 38. Nc6 1/2-1/2

[Event "SVK-chT U20 final"]
[Site "Jaslovske Bohunice"]
[Date "2014.05.03"]
[Round "2.11"]
[White "Hros, Roman"]
[Black "Mackovic, Matus"]
[Result "1-0"]
[WhiteElo "2078"]
[BlackElo "1928"]
[PlyCount "153"]
[EventDate "2014.05.02"]
[EventType "team-tourn"]
[EventRounds "5"]
[EventCountry "SVK"]
[SourceTitle "EXT 2018"]
[Source "ChessBase"]
[SourceDate "2017.10.13"]
[SourceVersion "1"]
[SourceVersionDate "2017.10.13"]
[SourceQuality "1"]

1. e4 c6 2. c4 d5 3. exd5 cxd5 4. cxd5 Nf6 5. Qa4+ Nbd7 6. Nc3 g6 7. Bc4 Bg7 8. Nf3 0-0 9. Qb3 a6 10. a4 Nc5 11. Qd1 Bg4 12. h3 Bxf3 13. Qxf3 Rc8 14. 0-0 Qa5 15. Ra3 Ncd7 16. Ba2 Rfd8 17. Re1 Qc5 18. Qe3 Nb6 19. Qxc5 Rxc5 20. Rxe7 Nbxd5 21. Rxb7 Re8 22. Kf1 Rc6 23. d4 Bf8 24. Bxd5 Nxd5 25. Rab3 Bd6 26. Bd2 Ne7 27. R7b6 Rec8 28. d5 Rxb6 29. Rxb6 Be5 30. d6 Nf5 31. f4 Bxd6 32. Rxa6 Bc5 33. Ne4 Bd4 34. Bc3 Ne3+ 35. Kg1 Nc2+ 36. Kh2 Bxc3 37. Nxc3 Rc4 38. Ra8+ Kg7 39. a5 Rxf4 40. a6 Nb4 41. a7 Nc6 42. Rc8 Nxa7 43. Rc7 Rb4 44. Rxa7 Rxb2 45. Ne4 Re2 46. Ng5 Rf2 47. Kg3 Rf5 48. h4 h6 49. Ne6+ Kf6 50. Nd4 Rd5 51. Nf3 Rb5 52. Ra6+ Kg7 53. Ra3 Rb4 54. Kh3 Kf6 55. g4 Re4 56. Kg3 Rb4 57. Rd3 Re4 58. Rd4 Re2 59. Kf4 Rf2 60. Ra4 Rf1 61. Ra5 Kg7 62. h5 Kf6 63. Kg3 Rb1 64. Ra6+ Kg7 65. hxg6 fxg6 66. Nh4 Rb3+ 67. Kf2 Rb2+ 68. Ke3 Rb3+ 69. Kd2 Rb2+ 70. Kc3 Rh2 71. Nxg6 h5 72. g5 Rh3+ 73. Kd2 Rg3 74. Nf4 Rg4 75. Ra7+ Kg8 76. Nxh5 Rxg5 77. Nf6+ 1-0

[Event "SVK-ch U18"]
[Site "Stara Lubovna"]
[Date "2014.04.10"]
[Round "7"]
[White "Mackovic, Matus"]
[Black "Istona, Martin"]
[Result "0-1"]
[WhiteElo "1918"]
[BlackElo "2097"]
[PlyCount "94"]
[EventDate "2014.04.05"]
[EventType "swiss"]
[EventRounds "9"]
[EventCountry "SVK"]
[SourceTitle "EXT 2016"]
[Source "ChessBase"]
[SourceDate "2015.10.08"]
[SourceVersion "1"]
[SourceVersionDate "2015.10.08"]
[SourceQuality "1"]

1. e4 e6 2. d4 d5 3. Nd2 Nf6 4. e5 Nfd7 5. Bd3 c5 6. c3 Nc6 7. Ne2 cxd4 8. cxd4 f6 9. exf6 Nxf6 10. Nf3 Bd6 11. 0-0 Qc7 12. Bd2 0-0 13. Rc1 Nh5 14. Ng3 Nf4 15. Bb1 g6 16. Ne2 Nh3+ 17. Kh1 Rxf3 18. gxf3 Bxh2 19. Kg2 Nf4+ 20. Bxf4 Bxf4 21. Nxf4 Qxf4 22. Qe1 Qg5+ 23. Kh2 Qh5+ 24. Kg2 Qg5+ 25. Kh2 e5 26. Rh1 Qh4+ 27. Kg2 Qg5+ 28. Kh2 Nxd4 29. Qe3 Qf6 30. Kg2 Ne6 31. Qh6 Nf4+ 32. Kf1 Qf7 33. Qg5 Bh3+ 34. Rxh3 Nxh3 35. Qxe5 Re8 36. Qg3 Nf4 37. Re1 Rxe1+ 38. Kxe1 Qe6+ 39. Kf1 Qe2+ 40. Kg1 Qe1+ 41. Kh2 Ne2 42. Qb8+ Kg7 43. Qe5+ Kh6 44. Qe3+ Kh5 45. Qe5+ g5 46. Qe8+ Kh4 47. Qa4+ d4 0-1

[Event "SVK-ch U18"]
[Site "Stara Lubovna"]
[Date "2014.04.08"]
[Round "5"]
[White "Mackovic, Matus"]
[Black "Hlavina, Lubos"]
[Result "1-0"]
[WhiteElo "1918"]
[BlackElo "1875"]
[PlyCount "79"]
[EventDate "2014.04.05"]
[EventType "swiss"]
[EventRounds "9"]
[EventCountry "SVK"]
[SourceTitle "EXT 2016"]
[Source "ChessBase"]
[SourceDate "2015.10.08"]
[SourceVersion "1"]
[SourceVersionDate "2015.10.08"]
[SourceQuality "1"]

1. e4 e5 2. Nf3 Nc6 3. Bb5 a6 4. Ba4 Nf6 5. 0-0 Be7 6. Re1 b5 7. Bb3 d6 8. c3 0-0 9. h3 Nb8 10. d4 Nbd7 11. Nbd2 Bb7 12. Bc2 Re8 13. Nf1 Bf8 14. Ng3 g6 15. Nh2 h5 16. Nf3 c5 17. Ng5 Qc7 18. f4 exd4 19. cxd4 cxd4 20. Bb3 Re7 21. f5 d5 22. Qf3 Ne5 23. Qf1 Bg7 24. Bf4 Qb6 25. fxg6 Nxg6 26. Nf5 Rd7 27. e5 Ne4 28. Rxe4 dxe4 29. e6 Rd5 30. Ne7+ Nxe7 31. Bc7 Rf5 32. exf7+ Kh8 33. Qxf5 Nxf5 34. Bxb6 Ng3 35. Ne6 d3 36. Bc5 Bxb2 37. Rb1 Bg7 38. f8Q+ Bxf8 39. Nxf8 e3 40. Bd4# 1-0

[Event "SVK-chT3A2 1314"]
[Site "Slovakia"]
[Date "2014.03.23"]
[Round "11.6"]
[White "Zajicek, Ferdinand"]
[Black "Mackovic, Matus"]
[Result "1-0"]
[WhiteElo "1823"]
[BlackElo "1913"]
[PlyCount "77"]
[EventDate "2013.10.13"]
[EventType "team-tourn"]
[EventRounds "11"]
[EventCountry "SVK"]
[SourceTitle "EXT 2015"]
[Source "ChessBase"]
[SourceDate "2014.11.20"]
[SourceVersion "1"]
[SourceVersionDate "2014.11.20"]
[SourceQuality "1"]
[WhiteTeam "Gbely Nafta"]
[BlackTeam "Trnava Modranka"]
[WhiteTeamCountry "SVK"]
[BlackTeamCountry "SVK"]

1. e4 c6 2. d4 d5 3. e5 Bf5 4. Nc3 e6 5. Nf3 c5 6. h3 Nc6 7. Be3 cxd4 8. Bxd4 Nxd4 9. Nxd4 Bg6 10. Bb5+ Ke7 11. Qg4 a6 12. Ba4 Qc7 13. Qh4+ f6 14. 0-0 Kf7 15. exf6 Nxf6 16. Rfe1 e5 17. Nf3 Bd6 18. Bb3 Rhe8 19. Nxd5 Nxd5 20. Bxd5+ Kf8 21. Ng5 h6 22. Ne6+ Rxe6 23. Bxe6 Re8 24. Qg4 Bf7 25. Bxf7 Kxf7 26. Qf5+ Kg8 27. Rad1 Kh8 28. Qg6 Rd8 29. Re2 Bc5 30. Rxd8+ Qxd8 31. Qd3 Qf6 32. Qd5 b6 33. Qxe5 Bxf2+ 34. Kh1 Qxe5 35. Rxe5 Bd4 36. Re8+ Kh7 37. c3 Bc5 38. b4 Bf2 39. Ra8 1-0

[Event "SVK-chT3A2 1314"]
[Site "Slovakia"]
[Date "2014.01.19"]
[Round "7.4"]
[White "Skapikova, Lubica"]
[Black "Mackovic, Matus"]
[Result "1/2-1/2"]
[WhiteElo "1893"]
[BlackElo "1913"]
[PlyCount "144"]
[EventDate "2013.10.13"]
[EventType "team-tourn"]
[EventRounds "11"]
[EventCountry "SVK"]
[SourceTitle "EXT 2015"]
[Source "ChessBase"]
[SourceDate "2014.11.20"]
[SourceVersion "1"]
[SourceVersionDate "2014.11.20"]
[SourceQuality "1"]
[WhiteTeam "Senica SK"]
[BlackTeam "Trnava Modranka"]
[WhiteTeamCountry "SVK"]
[BlackTeamCountry "SVK"]

1. e4 c6 2. d4 d5 3. e5 Bf5 4. Nc3 e6 5. g4 Bg6 6. Nge2 Ne7 7. h4 h5 8. Nf4 hxg4 9. Nxg6 Nxg6 10. h5 Ne7 11. Qxg4 Nd7 12. Bd2 c5 13. Nb5 Nf5 14. c3 a6 15. Na3 Qb6 16. Nc2 Qxb2 17. Bd3 Nh6 18. Qd1 Qb6 19. Rb1 Qc7 20. f4 c4 21. Be2 b5 22. Bg4 Be7 23. Qf3 Nxg4 24. Qxg4 g6 25. Ke2 gxh5 26. Rxh5 0-0-0 27. f5 Nxe5 28. dxe5 Qxe5+ 29. Kd1 Rdg8 30. Rxh8 Qxh8 31. Qf3 Rg1+ 32. Ne1 Bc5 33. Kc2 Qh2 34. fxe6 fxe6 35. Qf7 Qe2 36. Qe8+ Kc7 37. Qf7+ Kb6 38. Qf4 e5 39. Qf6+ Ka5 40. Qd8+ Ka4 41. Qxd5 Qf2 42. Qe6 Ka5 43. Qxe5 Rf1 44. a4 Qf5+ 45. Qxf5 Rxf5 46. axb5 axb5 47. Ra1+ Kb6 48. Rd1 Rf2 49. Kb1 Rf1 50. Kb2 Rf2 51. Nc2 Kb7 52. Be1 Re2 53. Rd5 Kc6 54. Rf5 Kb6 55. Rf6+ Kb7 56. Kb1 Ka7 57. Bg3 Rd2 58. Rf5 Kb6 59. Bc7+ Kc6 60. Ba5 Rd1+ 61. Kb2 Rd2 62. Kc1 Rd3 63. Bb4 Be3+ 64. Nxe3 Rxe3 65. Rc5+ Kb6 66. Rd5 Re2 67. Rd6+ Kc7 68. Rd2 Re1+ 69. Kb2 Re6 70. Ba5+ Kc6 71. Ka3 Re1 72. Rb2 Ra1+ 1/2-1/2

[Event "SVK-chT4 A22 1314"]
[Site "Slovakia"]
[Date "2013.12.08"]
[Round "5.6"]
[White "Hornak, Pavol"]
[Black "Mackovic, Matus"]
[Result "0-1"]
[WhiteElo "1750"]
[BlackElo "1913"]
[PlyCount "77"]
[EventDate "2013.10.06"]
[EventType "team-tourn"]
[EventRounds "11"]
[EventCountry "SVK"]
[SourceTitle "EXT 2015"]
[Source "ChessBase"]
[SourceDate "2014.11.20"]
[SourceVersion "1"]
[SourceVersionDate "2014.11.20"]
[SourceQuality "1"]
[WhiteTeam "Cifer II"]
[BlackTeam "Trnava Modranka II"]
[WhiteTeamCountry "SVK"]
[BlackTeamCountry "SVK"]

1. d4 Nf6 2. c4 g6 3. Nc3 Bg7 4. e4 d6 5. h3 0-0 6. Bg5 Nbd7 7. Bd3 h6 8. Be3 c6 9. Qd2 Kh7 10. Nge2 a6 11. a4 Qa5 12. 0-0 e5 13. f4 exd4 14. Bxd4 Nc5 15. Bc2 Qb4 16. Bxf6 Bxf6 17. Qxd6 Bg7 18. f5 Re8 19. fxg6+ fxg6 20. Rf7 Be6 21. Rxg7+ Kxg7 22. Nd4 Qb6 23. a5 Qxb2 24. Nxe6+ Rxe6 25. Qc7+ Kg8 26. Rf1 Rf8 27. Rxf8+ Kxf8 28. Qf4+ Kg7 29. Qd2 Re7 30. Qd4+ Kf7 31. Qf2+ Ke8 32. Nd1 Qe5 33. Qe3 Nxe4 34. Qxh6 Qd4+ 35. Kh2 Qxc4 36. Qxg6+ Kd8 37. Ne3 Qe6 38. Qh5 Qd6+ 39. g3 0-1

[Event "SVK-chT4 A22 1314"]
[Site "Slovakia"]
[Date "2013.11.17"]
[Round "4.2"]
[White "Kincel, Frantisek"]
[Black "Mackovic, Matus"]
[Result "0-1"]
[WhiteElo "1840"]
[BlackElo "1913"]
[PlyCount "116"]
[EventDate "2013.10.06"]
[EventType "team-tourn"]
[EventRounds "11"]
[EventCountry "SVK"]
[SourceTitle "EXT 2015"]
[Source "ChessBase"]
[SourceDate "2014.11.20"]
[SourceVersion "1"]
[SourceVersionDate "2014.11.20"]
[SourceQuality "1"]
[WhiteTeam "Sered MSK"]
[BlackTeam "Trnava Modranka II"]
[WhiteTeamCountry "SVK"]
[BlackTeamCountry "SVK"]

1. Nf3 Nf6 2. c4 g6 3. g3 Bg7 4. Bg2 0-0 5. 0-0 Nc6 6. Nc3 d6 7. d3 a6 8. Be3 e5 9. h3 h6 10. Qd2 Kh7 11. Rad1 Be6 12. b3 d5 13. Bc5 Re8 14. e3 dxc4 15. dxc4 Qxd2 16. Rxd2 Nd7 17. Ba3 f5 18. Ne2 Nf6 19. Nh2 e4 20. Nf4 Bf7 21. Rfd1 Rad8 22. Rxd8 Rxd8 23. Rxd8 Nxd8 24. Bb2 Nc6 25. Bf1 Nd7 26. Bxg7 Kxg7 27. f3 Nb4 28. fxe4 fxe4 29. Bg2 Nf6 30. Ng4 g5 31. Ne2 Nxg4 32. hxg4 Nxa2 33. Bxe4 b5 34. cxb5 axb5 35. Nd4 b4 36. Bc2 Kf6 37. Kf2 c5 38. Nf3 Be6 39. Nd2 Ke5 40. Kf3 Nc1 41. Nc4+ Bxc4 42. bxc4 Na2 43. Bb3 Nc3 44. Bc2 Kf6 45. Bb3 Ke6 46. Bc2 Ke5 47. Kf2 Ne4+ 48. Kf3 Nd2+ 49. Ke2 Nxc4 50. Bh7 Nd6 51. Kd3 c4+ 52. Kc2 Kd5 53. Bg6 Kc5 54. Bh7 b3+ 55. Kc3 Nb5+ 56. Kb2 Kb4 57. e4 c3+ 58. Kb1 Na3+ 0-1

[Event "SVK-chT3A2 1314"]
[Site "Slovakia"]
[Date "2013.10.27"]
[Round "2.6"]
[White "Mackovic, Matus"]
[Black "Nemeckay, Rastislav"]
[Result "1/2-1/2"]
[WhiteElo "1913"]
[BlackElo "1986"]
[PlyCount "96"]
[EventDate "2013.10.13"]
[EventType "team-tourn"]
[EventRounds "11"]
[EventCountry "SVK"]
[SourceTitle "EXT 2015"]
[Source "ChessBase"]
[SourceDate "2014.11.20"]
[SourceVersion "1"]
[SourceVersionDate "2014.11.20"]
[SourceQuality "1"]
[WhiteTeam "Trnava Modranka"]
[BlackTeam "Senica CVC"]
[WhiteTeamCountry "SVK"]
[BlackTeamCountry "SVK"]

1. e4 e5 2. Nf3 Nf6 3. Nxe5 d6 4. Nf3 Nxe4 5. d4 d5 6. Bd3 Bg4 7. c4 Bb4+ 8. Nbd2 Nxd2 9. Bxd2 Bxd2+ 10. Qxd2 Qe7+ 11. Qe3 Bxf3 12. gxf3 dxc4 13. Bxc4 Nc6 14. Bb5 0-0-0 15. Bxc6 Qb4+ 16. Qc3 Qxc3+ 17. bxc3 bxc6 18. 0-0 Rhe8 19. Rfe1 Kd7 20. Rxe8 Rxe8 21. Kf1 Rb8 22. Re1 Rb5 23. Re2 Rb8 24. Rc2 Rb1+ 25. Kg2 Kd6 26. f4 f6 27. Kf3 Kd5 28. Ke3 Kc4 29. f3 f5 30. Kd2 Rh1 31. Ke3 Rd1 32. Rb2 Kxc3 33. Rb7 Rd3+ 34. Ke2 Rd2+ 35. Ke3 Rxh2 36. Rxa7 Rh6 37. Rxc7 Re6+ 38. Kf2 Kxd4 39. Rxg7 c5 40. Rd7+ Kc4 41. Rxh7 Rd6 42. Ke3 Kc3 43. Rh5 Rd5 44. Rh1 Kb2 45. Rh2+ Kc3 46. Rh1 Rd3+ 47. Ke2 Rd2+ 48. Ke3 Rd3+ 1/2-1/2

[Event "SVK-chT3A2 1314"]
[Site "Slovakia"]
[Date "2013.10.13"]
[Round "1.1"]
[White "Mackovic, Matus"]
[Black "Rau, Vladimir"]
[Result "1-0"]
[WhiteElo "1913"]
[BlackElo "1637"]
[PlyCount "45"]
[EventDate "2013.10.13"]
[EventType "team-tourn"]
[EventRounds "11"]
[EventCountry "SVK"]
[SourceTitle "EXT 2015"]
[Source "ChessBase"]
[SourceDate "2014.11.20"]
[SourceVersion "1"]
[SourceVersionDate "2014.11.20"]
[SourceQuality "1"]
[WhiteTeam "Trnava Modranka"]
[BlackTeam "Trnava Modranka Jun"]
[WhiteTeamCountry "SVK"]
[BlackTeamCountry "SVK"]

1. e4 c6 2. d4 d5 3. Nc3 dxe4 4. Nxe4 Bf5 5. Ng3 Bg6 6. h4 h6 7. Nf3 Nf6 8. Ne5 Bh7 9. Bc4 e6 10. Qe2 Nbd7 11. Nxf7 Qe7 12. Nxh8 0-0-0 13. Bd3 Bxd3 14. Qxd3 Ne5 15. Qe2 Neg4 16. Ng6 Qd6 17. Nxf8 Rxf8 18. c3 Nxf2 19. Qxf2 Ng4 20. Ne4 Qe7 21. Qg3 h5 22. Bg5 Qf7 23. Nd6+ 1-0

[Event "SVK-chT4 A22 1314"]
[Site "Slovakia"]
[Date "2013.10.06"]
[Round "1.4"]
[White "Mackovic, Matus"]
[Black "Kosar, Mikulas"]
[Result "1-0"]
[WhiteElo "1913"]
[BlackElo "1881"]
[PlyCount "55"]
[EventDate "2013.10.06"]
[EventType "team-tourn"]
[EventRounds "11"]
[EventCountry "SVK"]
[SourceTitle "EXT 2015"]
[Source "ChessBase"]
[SourceDate "2014.11.20"]
[SourceVersion "1"]
[SourceVersionDate "2014.11.20"]
[SourceQuality "1"]
[WhiteTeam "Trnava Modranka II"]
[BlackTeam "Gabcikovo Russel III"]
[WhiteTeamCountry "SVK"]
[BlackTeamCountry "SVK"]

1. e4 e5 2. Nf3 Nf6 3. Nxe5 d6 4. Nf3 Nxe4 5. d4 d5 6. Bd3 Bd6 7. c4 c6 8. Nc3 f5 9. 0-0 0-0 10. cxd5 Nxc3 11. bxc3 cxd5 12. c4 dxc4 13. Bxc4+ Kh8 14. Bb2 Nd7 15. Ne5 Qf6 16. f4 Nb6 17. Bb3 Be6 18. d5 Bg8 19. Qf3 Bc5+ 20. Kh1 Rad8 21. Rad1 Qh6 22. Rd3 a5 23. a4 Bf7 24. Qd1 Qd6 25. Nxf7+ Rxf7 26. Be5 Qf8 27. d6 Rfd7 28. Qh5 1-0

[Event "SVK-chT4A21 1213"]
[Site "Slovakia"]
[Date "2013.01.06"]
[Round "6.1"]
[White "Slaby, Jozef"]
[Black "Mackovic, Matus"]
[Result "1-0"]
[WhiteElo "1890"]
[BlackElo "1871"]
[PlyCount "109"]
[EventDate "2012.10.14"]
[EventType "team-tourn"]
[EventRounds "11"]
[EventCountry "SVK"]
[SourceTitle "EXT 2022"]
[Source "ChessBase"]
[SourceDate "2021.10.06"]
[SourceVersion "1"]
[SourceVersionDate "2021.10.06"]
[SourceQuality "1"]
[WhiteTeam "Chtelnica Kamenar"]
[BlackTeam "Modranka Komplet Juniors"]
[WhiteTeamCountry "SVK"]
[BlackTeamCountry "SVK"]

1. d4 Nf6 2. c4 g6 3. Nc3 Bg7 4. e4 d6 5. f3 0-0 6. Be3 Nbd7 7. Bd3 c6 8. Nge2 e5 9. d5 c5 10. Qd2 Ne8 11. Bg5 f6 12. Bh4 a6 13. Bf2 f5 14. exf5 gxf5 15. Ng3 Nb6 16. h4 Qe7 17. a4 f4 18. Nge4 Nf6 19. a5 Nxe4 20. Nxe4 Nd7 21. h5 h6 22. Bh4 Nf6 23. Qc2 Qc7 24. Bf2 Nxe4 25. Bxe4 Bd7 26. Ke2 Qc8 27. Rab1 b5 28. axb6 Rb8 29. b4 Rxb6 30. bxc5 Rxb1 31. Rxb1 dxc5 32. Rb6 Rf6 33. Qb2 Rxb6 34. Qxb6 Bf8 35. d6 Be6 36. Kd3 Qd7 37. Bxc5 Qa4 38. Qb4 Qd1+ 39. Kc3 Qc1+ 40. Kb3 a5 41. Qc3 Qd1+ 42. Bc2 Qe2 43. Qd3 Qxd3+ 44. Bxd3 Bd7 45. Ba3 Kf7 46. c5 Ke6 47. Bc4+ Kf5 48. Bd5 e4 49. Bxe4+ Ke5 50. Bb2+ Ke6 51. c6 Bc8 52. d7 Bxd7 53. cxd7 Kxd7 54. Be5 Bd6 55. Bg7 1-0

[Event "SVK-chT3A2 1213"]
[Site "Slovakia"]
[Date "2012.12.09"]
[Round "5.1"]
[White "Pericka, Pavol"]
[Black "Mackovic, Matus"]
[Result "1/2-1/2"]
[WhiteElo "1821"]
[BlackElo "1871"]
[PlyCount "166"]
[EventDate "2012.10.07"]
[EventType "team-tourn"]
[EventRounds "11"]
[EventCountry "SVK"]
[SourceTitle "EXT 2015"]
[Source "ChessBase"]
[SourceDate "2014.11.20"]
[SourceVersion "1"]
[SourceVersionDate "2014.11.20"]
[SourceQuality "1"]
[WhiteTeam "Senica CVC"]
[BlackTeam "Trnava Modranka"]
[WhiteTeamCountry "SVK"]
[BlackTeamCountry "SVK"]

1. e4 c5 2. Bc4 Nc6 3. Nf3 d6 4. Nc3 Nf6 5. h3 e6 6. d3 a6 7. a4 Be7 8. 0-0 0-0 9. Ne2 Qc7 10. c3 Rb8 11. Bd2 b5 12. axb5 axb5 13. Bb3 Bd7 14. Bc2 d5 15. Bf4 Bd6 16. Bg5 Be7 17. Bf4 Bd6 18. Bh2 Bxh2+ 19. Nxh2 dxe4 20. dxe4 Ne5 21. f4 Nc4 22. Qc1 e5 23. b3 Nb6 24. Qe3 exf4 25. Nxf4 Rbe8 26. Nf3 Bf5 27. Nd2 Bg6 28. Qf3 Nbd7 29. Nxg6 hxg6 30. Ra6 Ne5 31. Qe2 Rb8 32. Rfa1 Rb6 33. Ra7 Rb7 34. R7a6 Rb6 35. R6a5 Rfb8 36. Qf2 Nfd7 37. Nf3 Nc6 38. R5a2 Nce5 39. Ng5 f6 40. Ra7 R6b7 41. Ne6 Qd6 42. Rxb7 Rxb7 43. Ra8+ Rb8 44. Rxb8+ Qxb8 45. Nxc5 b4 46. Nxd7 Nxd7 47. Qd4 Qb6 48. Qxb6 Nxb6 49. cxb4 Kf7 50. Kf2 Ke6 51. Ke3 Ke5 52. b5 f5 53. g3 Nd7 54. b4 Nb6 55. exf5 gxf5 56. Bb3 Nc8 57. Kd3 Nb6 58. Bf7 Nc8 59. Bc4 Nb6 60. Bg8 Na4 61. Kc4 Ke4 62. Be6 Ke5 63. Bg8 Ke4 64. b6 Nxb6+ 65. Kc5 Na4+ 66. Kd6 Kf3 67. Be6 g6 68. g4 f4 69. g5 Kg3 70. Bg4 Kh4 71. Ke5 Kxg5 72. b5 Nb6 73. Ke4 Nc4 74. Kd4 Nb6 75. Be2 Kh4 76. Bg4 Kg3 77. Kc5 Na4+ 78. Kb4 Nb6 79. Kc5 Na4+ 80. Kd4 f3 81. Ke3 f2 82. Be2 Nc3 83. Bf1 Nxb5 1/2-1/2